| Tag |
First Indicator |
Second Indicator |
Subfields |
| LEADER |
00000cam a2200000 a 4500 |
| 001 |
in00000015000 |
| 005 |
20151007052939.0 |
| 008 |
860505s1987 nyu b 00110 eng |
| 010 |
|
|
|a 86013018
|
| 020 |
|
|
|a 0312096615 :
|c $25.00 (est.)
|
| 035 |
|
|
|a (OCoLC)13643574
|
| 035 |
|
|
|9 AAA9807AM
|
| 040 |
|
|
|a DLC
|c DLC
|d m/c
|d TXA
|d UtOrBLW
|
| 043 |
|
|
|a e-uk---
|a n-us---
|
| 049 |
|
|
|a TXAM
|c [A11058403]
|
| 050 |
0 |
0 |
|a V53
|b .H35 1987
|
| 082 |
0 |
|
|a 359/.03/0904
|2 19
|
| 100 |
1 |
|
|a Hall, Christopher
|q (Christopher G. L.)
|
| 245 |
1 |
0 |
|a Britain, America, and arms control, 1921-37 /
|c Christopher Hall.
|
| 264 |
|
1 |
|a New York :
|b St. Martin's Press,
|c 1987.
|
| 300 |
|
|
|a vii, 295 pages ;
|c 23 cm.
|
| 336 |
|
|
|a text
|b txt
|2 rdacontent
|
| 337 |
|
|
|a unmediated
|b n
|2 rdamedia
|
| 338 |
|
|
|a volume
|b nc
|2 rdacarrier
|
| 500 |
|
|
|a Spine title: Britain, America & arms control, 1921-37.
|
| 500 |
|
|
|a Originally presented as the author's thesis (doctoral--Oxford University, 1982)
|
| 504 |
|
|
|a Bibliography: pages 276-285.
|
| 504 |
|
|
|a Includes index.
|
| 650 |
|
0 |
|a Sea-power
|x History
|y 20th century.
|
| 650 |
|
0 |
|a Arms control
|x History
|y 20th century.
|
| 610 |
1 |
0 |
|a Great Britain.
|b Royal Navy
|x History
|y 20th century.
|
| 610 |
1 |
0 |
|a United States.
|b Navy
|x History
|y 20th century.
|
| 611 |
2 |
0 |
|a London Naval Conference.
|
| 740 |
0 |
|
|a Britain, America & arms control, 1921-37.
|
| 999 |
|
|
|a MARS
|
| 999 |
f |
f |
|s 779514a2-2154-3eed-923a-11fc2ef60389
|i 24969324-7f4a-37dd-9829-419219e0cde4
|t 0
|
| 952 |
f |
f |
|p ric
|a Texas A&M University
|b Rellis Campus
|c Joint Library Facility
|d Remote Storage
|t 0
|e V53 .H35 1987
|h Library of Congress classification
|i unmediated -- volume
|m A14811058403
|
| 998 |
f |
f |
|a V53 .H35 1987
|t 0
|l Remote Storage
|